000 00415nam a2200169Ia 4500
003 LK-CoDNM
008 010623t1977 xxu||||| |||| 00| 1 eng d
040 _aLK-CoDNM
_dLK-CoDNM
_eLK-CoDNM
041 _aeng
080 _ax 92 COO
100 _aLipsey, Roger
_eed.
245 _aCoomaraswamy
260 _bPrinceton university press
_c1977
300 _b(xxxviii)580, 25 cm
650 _aBiography
942 _cBK
999 _c110058
_d110058